000
00194 a2200097 4500
001
18936
100
_a
Ramsey A S
245
_a
Weves
260
_a
_b
Oliver & boyd
_c
1943
090
_c
14024
_d
14024
942
_a
NUST-CAE
_c
M
_c
4475
999
_c
254009
_d
254009